| 000 | 00725cam a22002293a 4500 | ||
|---|---|---|---|
| 001 | 18820 | ||
| 003 | PGUSA | ||
| 005 | 20140828083411.0 | ||
| 008 | 060713s2006||||xxu|||||s|||||000 | eng d | ||
| 040 |
_aPGUSA _beng |
||
| 042 | _adc | ||
| 050 | 4 | _aAP | |
| 245 | 1 | 4 |
_aThe Continental Monthly, Vol. 5, No. 4, April, 1864 _h[electronic resource] / _cVarious |
| 260 |
_bProject Gutenberg, _c2006 |
||
| 506 | _aPublic domain in the USA. | ||
| 516 | _aElectronic text | ||
| 653 | _aUnited States -- Politics and government -- 19th century -- Periodicals | ||
| 653 | _aLiterature, Modern -- 19th century -- Periodicals | ||
| 830 | 0 |
_aProject Gutenberg _v18820 |
|
| 856 | 4 | 0 | _uhttp://www.gutenberg.org/ebooks/18820 |
| 942 | _cEB | ||
| 999 |
_c248075 _d248075 |
||